| 000 | 00649nam a2200277Ia 4500 | ||
|---|---|---|---|
| 005 | 20260324132309.0 | ||
| 008 | 008 260324s9999 xx 000 0 eng d | ||
| 020 | _a9781843926634 | ||
| 037 | _aEBOOK | ||
| 040 | _aCRL | ||
| 040 | _beng | ||
| 040 | _cCRL | ||
| 041 | _2eng | ||
| 041 | _aeng | ||
| 084 | _qCRL | ||
| 100 |
_aMoira Peelo; Keith Soothill _91188747 |
||
| 245 | 0 | _aQuestioning Crime and Criminology | |
| 260 | _bTaylor and Francis | ||
| 260 | _c2005 | ||
| 365 | _a | ||
| 365 | _b170 | ||
| 856 | _uhttp://www.taylorfrancis.com/books/9781843926634 | ||
| 942 | _cEBOOK | ||
| 999 |
_c1786742 _d1786742 |
||